00271nam a2200109Ia 4500008004100000082001000041082000800051245004900059245002200108260002200130300000900152231017s9999 xx 000 0 und d a387.7 bGOS 0aAirport offsite passenger service facilities 0cVirginia Research bVirginia Research c30cm